[Event "Eurasia Cup op"]
[Site "Ekaterinburg"]
[Date "2019.08.03"]
[Round "4"]
[White "Manakova, Maria"]
[Black "Osipov, Igor"]
[Result "1-0"]
[WhiteElo "2237"]
[BlackElo "2030"]
[PlyCount "83"]
[EventDate "2019.07.31"]
[EventType "swiss"]
[EventRounds "9"]
[EventCountry "RUS"]
[SourceTitle "CBM 191 Extra"]
[Source "ChessBase"]
[SourceDate "2019.09.30"]
[SourceVersion "1"]
[SourceVersionDate "2019.09.30"]
[SourceQuality "1"]

1. c4 c6 2. e4 d5 3. exd5 cxd5 4. d4 Nf6 5. Nc3 g6 6. Qb3 Bg7 7. cxd5 0-0 8. Nge2 a5 9. Nf4 g5 10. Nfe2 a4 11. Qc4 Ra5 12. Bxg5 Nxd5 13. Nxd5 Qxd5 14. Qxd5 Rxd5 15. Be3 Bf5 16. Nc3 Ra5 17. a3 Nc6 18. Rd1 Rd8 19. Nb5 Rd5 20. Nc3 Rd6 21. d5 Bxc3+ 22. bxc3 Raxd5 23. Rxd5 Rxd5 24. Bc4 Rd6 25. Bb5 Bc2 26. Ke2 Ne5 27. Bd4 Nc6 28. Rc1 Bb3 29. Be3 Re6 30. f4 Re4 31. Kd3 Re6 32. c4 Rd6+ 33. Kc3 Re6 34. Re1 Re4 35. Bd2 Rxe1 36. Bxe1 e6 37. Kd3 f6 38. Bf2 Kf7 39. Bc5 Kg6 40. Bd6 Kg7 41. g3 Kf7 42. c5 1-0

[Event "Eurasia Cup op"]
[Site "Ekaterinburg"]
[Date "2019.07.31"]
[Round "1"]
[White "Osipov, Igor"]
[Black "Burmakin, Vladimir"]
[Result "0-1"]
[WhiteElo "2030"]
[BlackElo "2506"]
[PlyCount "89"]
[EventDate "2019.07.31"]
[EventType "swiss"]
[EventRounds "9"]
[EventCountry "RUS"]
[SourceTitle "CBM 191 Extra"]
[Source "ChessBase"]
[SourceDate "2019.09.30"]
[SourceVersion "1"]
[SourceVersionDate "2019.09.30"]
[SourceQuality "1"]

1. d4 Nf6 2. c4 e6 3. Nc3 d5 4. cxd5 exd5 5. Bg5 c6 6. e3 Be7 7. Bd3 Nbd7 8. Qc2 Nf8 9. Nf3 Ne6 10. Bh4 g6 11. Ne2 Ng7 12. Ng3 Qa5+ 13. Nd2 Be6 14. 0-0 Qd8 15. Nf3 0-0 16. Ne5 Nfe8 17. Bxe7 Qxe7 18. Rab1 Nd6 19. b4 Rfc8 20. Qa4 Nc4 21. Nf3 b5 22. Qd1 a5 23. bxa5 Rxa5 24. Ra1 Rca8 25. Qc2 Qa7 26. Bxc4 bxc4 27. Rfb1 Nf5 28. Rb2 Nxg3 29. hxg3 Bf5 30. Qc1 Ra3 31. Ne5 c3 32. Re2 Qa6 33. Qe1 f6 34. g4 Be6 35. Nf3 Bxg4 36. Rc2 Qd3 37. Rac1 Bxf3 38. gxf3 Qf5 39. f4 Qg4+ 40. Kf1 Qf3 41. Kg1 Kg7 42. Rxc3 Rxa2 43. R3c2 h5 44. Qf1 Qg4+ 45. Qg2 0-1